Music Quiz

Random Music or Album Quiz
Score 0/28 Timer 05:00
2 Plays Today
% Correct
The Joshua Tree
93.2%
Goodbye Yellow Brick Road
92.2%
Hotel California
91.3%
Achtung Baby
90.2%
Band on the Run
87.7%
Don't Shoot Me I'm Only the Piano Player
86.7%
Wings at the Speed of Sound
80%
Captain Fantastic and the Brown Dirt Cowboy
78.6%
How to Dismantle an Atomic Bomb
78.4%
Rattle and Hum
76.5%
Songs in the Key of Life
75.2%
Zooropa
72.6%
52nd Street
71%
Honky Château
69.1%
% Correct
One of These Nights
68%
River of Dreams
66.3%
Pop
63.1%
The Long Run
60%
Glass Houses
55.6%
The Game
50.5%
No Line on the Horizon
49.3%
Venus and Mars
45.9%
Caribou
41.8%
Storm Front
40.8%
Red Rose Speedway
39.3%
Tug of War
38.6%
Rock of the Westies
35.7%
Fulfillingness' First Finale
30.7%
Remove Ads.
Support Sporcle.
Get the best of Sporcle when you Go Orange. This ad-free experience offers more features, more stats, and more fun while also helping to support Sporcle. Thank you for becoming a member.

You're not logged in!

Compare scores with friends on all Sporcle quizzes.
OR
Log In

Show Comments

Extras

Top Quizzes Today


Score Distribution

Your Account Isn't Verified!

In order to create a playlist on Sporcle, you need to verify the email address you used during registration. Go to your Sporcle Settings to finish the process.

Report this User

Report this user for behavior that violates our Community Guidelines.

Details: